000 00582nam a22001937a 4500
005 20251108172741.0
008 250721s1997 xx 000 0 ara d
082 1 4 _a914/جبر
100 1 _aجبري، شفيق
_eمؤلف
245 1 0 _aرحلة إلى أوروبا على صخور صقلية /
264 _bدار قتيبة للنشر والتوزيع،
_c1997.
300 _a166ص.
650 1 7 _aالجغرافيا
650 1 7 _aأوروبا
650 1 7 _aالجغرافيا التاريخية
650 1 7 _aأدب الرحلات
942 _2ddc
_cBK
999 _c87560
_d87560